Pericarditis seudoinfartoideas / (Record no. 176094)

MARC details
000 -LEADER
campo de control de longitud fija 01022nam a22002415i 4500
001 - NÚMERO DE CONTROL
campo de control 176094
003 - IDENTIFICADOR DE NÚMERO DE CONTROL
campo de control ES-MaACL
005 - FECHA Y HORA DE LA ÚLTIMA TRANSACCIÓN
campo de control 20250730233737.0
008 - DATOS DE LONGITUD FIJA--INFORMACIÓN GENERAL
campo de control de longitud fija 101216s1958 sp |||| | spa d
080 ## - NÚMERO DE LA CLASIFICACIÓN DECIMAL UNIVERSAL
Número de la Clasificación Decimal Universal 621.039.8
080 ## - NÚMERO DE LA CLASIFICACIÓN DECIMAL UNIVERSAL
Número de la Clasificación Decimal Universal 616.11-002
245 00 - MENCIÓN DEL TÍTULO
Título Pericarditis seudoinfartoideas /
Mención de responsabilidad, etc. por A. Pedro Pons.
260 ## - PUBLICACIÓN, DISTRIBUCIÓN, ETC.
Lugar de publicación, distribución, etc. Madrid :
Nombre del editor, distribuidor, etc. Servicio de Medicina Interna Hospital Militar "Gómez Ulla",
Fecha de publicación, distribución, etc. 1958.
300 ## - DESCRIPCIÓN FÍSICA
Extensión 18 p. ;
Dimensiones 17 cm.
490 1# - MENCIÓN DE SERIE
Mención de serie Cuadernos de medicina interna ;
Designación de volumen o secuencia 39
500 ## - NOTA GENERAL
Nota general Texto de la conferencia pronunciada en la Sala de Estudio del Hospital Militar Central "Gómez Ulla", de Madrid, el día 29 de noviembre de 1957, y perteneciente al Curso Monográfico número 6, sobre Patología de las coronarias.
650 04 - PUNTO DE ACCESO ADICIONAL DE MATERIA--TÉRMINO DE MATERIA
Término de materia o nombre geográfico como elemento de entrada Pericardio-
Subdivisión general Enfermedades.
9 (RLIN) 144336
700 1# - ENTRADA AGREGADA--NOMBRE PERSONAL
Nombre de persona Pedro Pons, A.,
Fechas asociadas al nombre 1898-1971
9 (RLIN) 89929
710 2# - ENTRADA AGREGADA--NOMBRE DE ENTIDAD CORPORATIVA
Nombre de entidad corporativa o nombre de jurisdicción como elemento de entrada Hospital Militar Central "Gómez Ulla"
9 (RLIN) 141700
830 0# - PUNTO DE ACCESO ADICIONAL DE SERIE-TÍTULO UNIFORME
Título uniforme Cuadernos de medicina interna ;
Designación de volumen o secuencia 39
9 (RLIN) 183827
852 ## - LOCALIZACIÓN
Ubicación ES-MaACL
Número de control de estantería 2086-F-24
Holdings
Estatus retirado Estado de pérdida Estado de daño No para préstamo Colección Biblioteca de origen Biblioteca actual Ubicación en estantería Fecha de adquisición Fuente de adquisición Total de préstamos Signatura topográfica completa Código de barras Visto por última vez Precio de reemplazo Tipo de ítem Koha
        Colección de folletos Biblioteca del Ateneo de Madrid Biblioteca del Ateneo de Madrid Depósito folletos 16/12/2010     2086-F-24 1184936 23/02/2023 23/02/2023 Folleto